Erklärung Des Catechismi Doct. Mart. Luth. auß den Häupt-Sprüchen Göttliches Worts/ zum Unterricht für junge und einfältige Leute gestellet

Saved in:  
Bibliographic Details
Main Author: Hunnius, Nicolaus 1585-1643 (Author)
Contributors: Luther, Martin 1483-1546 (Other) ; Ziegler, Peter 1641-1695 (Printer)
Format: Print Book
Language:German
Check availability: HBZ Gateway
Interlibrary Loan:Interlibrary Loan for the Fachinformationsdienste (Specialized Information Services in Germany)
Published: Hamburg Ziegler 1694
In:Year: 1694
Further subjects:B Catechism
Online Access: Volltext (// 2010 digitalisiert von꞉ SLUB Dresden. Exemplar mit der Signatur꞉ Theol.ev.cat.151)
Sammlungen:

MARC

LEADER 00000cam a2200000 c 4500
001 537256334
003 DE-627
005 20260203132527.0
007 tu
008 070710s1694 xx ||||| 00| ||ger c
024 7 |a VD17 14:683474G  |2 vd17 
026 |e chn, n.as n,n, unWi 3 1694A  |2 fei 
035 |a (DE-627)537256334 
035 |a (DE-576)9537256332 
035 |a (DE-599)GBVVDS00578185X 
035 |a (VD17)00578185X 
040 |a DE-627  |b ger  |c DE-627  |e rakwb 
041 |a ger 
084 |a 1  |2 ssgn 
100 1 |0 (DE-588)117546569  |0 (DE-627)139937692  |0 (DE-576)167954245  |4 aut  |a Hunnius, Nicolaus  |d 1585-1643 
109 |a Hunnius, Nicolaus 1585-1643  |a Hunnius, Nicolai 1585-1643  |a Hunnius, Nikolaus 1585-1643 
245 1 0 |a Erklärung Des Catechismi Doct. Mart. Luth. auß den Häupt-Sprüchen Göttliches Worts/ zum Unterricht für junge und einfältige Leute gestellet  |c durch Nicolaum Hunnium, Doct. Superintendenten zu Lübeck 
246 3 0 |a Hauptsprüchen 
264 1 |a Hamburg  |b Ziegler  |c 1694 
300 |a 120 S  |c 8° 
336 |a Text  |b txt  |2 rdacontent 
337 |a ohne Hilfsmittel zu benutzen  |b n  |2 rdamedia 
338 |a Band  |b nc  |2 rdacarrier 
500 |a Schlüsselseiten aus dem Exemplar der SLUB Dresden: Theol.ev.cat.151 
500 |a Vorlageform des Erscheinungsvermerks: Hamburg/ Gedruckt bey Peter Ziegler/ Jm Jahr Christi 1694. 
601 |a Göttlichkeit 
601 |a Unterricht 
601 |a Einfalt 
655 7 |a Katechismus  |0 (DE-627)096631988  |2 local 
700 1 |0 (DE-588)118575449  |0 (DE-627)133813363  |0 (DE-576)162061560  |4 oth  |a Luther, Martin  |d 1483-1546 
700 1 |0 (DE-588)1037500911  |0 (DE-627)755844327  |0 (DE-576)391565451  |4 prt  |a Ziegler, Peter  |d 1641-1695 
751 |a Hamburg  |4 pup 
856 4 1 |u http://digital.slub-dresden.de/ppn323899544  |x Digitalisierung  |z // 2010 digitalisiert von꞉ SLUB Dresden. Exemplar mit der Signatur꞉ Theol.ev.cat.151  |z kostenfrei  |3 Volltext  |7 0 
935 |a mteo 
951 |a BO 
ELC |b 1 
LOK |0 000 xxxxxcx a22 zn 4500 
LOK |0 001 4874515223 
LOK |0 003 DE-627 
LOK |0 004 537256334 
LOK |0 005 20260203131400 
LOK |0 008 260203||||||||||||||||ger||||||| 
LOK |0 040   |a DE-Tue135  |c DE-627  |d DE-Tue135 
LOK |0 092   |o n 
LOK |0 852   |a DE-Tue135 
LOK |0 852 1  |9 00 
LOK |0 866   |x SPQUE#VD (Historische deutsche Nationalbibliographie)#SPSAM#VD17 
LOK |0 935   |a ixvd  |a ixv7 
LOK |0 939   |a 03-02-26  |b l01 
OAS |a 1 
ORI |a TA-MARC-ixtheoa001.raw